000
00250nam a2200097Ia 4500
005
20251222114409.0
008
251222s1900||||xx |||||||||||||| ||spa||
082
_a
DVD0093/P87/2006
245
0
_a
Propoli: programa de lucha contra la pobreza:
942
_c
DVD
999
_c
1954
_d
1954